Statystyki dla TOP 10 najlepszych piłkarzy MŚ 2022

Kliknij tutaj aby rozwiązać quiz!

Ogólne statystyki

  • Ten quiz został rozwiązany 220 razy
  • Średni wynik to 4 z 10

Statystyki odpowiedzi

HintOdpowiedź% Poprawnych
ArgentynaLionel Messi
95%
FrancjaKylian Mbappe
87%
PolskaWojciech Szczęsny
75%
PortugaliaBruno Fernandes
30%
FrancjaAntoine Griezmann
18%
AngliaBukayo Saka
15%
NiemcyJoshua Kimmich
10%
DaniaAndreas Christensen
8%
BrazyliaCasemiro
7%
HiszpaniaRodri
7%

Rozkład punktacji

Percentyl według liczby udzielonych odpowiedzi

Procent ludzi z każdym wynikiem

Twoja historia wyników

Nie rozwiązałeś tego quizu